| 000 -CABECERA |
| campo de control de longitud fija |
02013nam a2200313 a 4500 |
| 001 - NÚMERO DE CONTROL |
| campo de control |
000087281 |
| 005 - FECHA Y HORA DE LA ÚLTIMA TRANSACCIÓN |
| campo de control |
20200120224941.0 |
| 008 - DATOS DE LONGITUD FIJA--INFORMACIÓN GENERAL |
| campo de control de longitud fija |
190816s2016 sp gr| ||| j|spa d |
| 020 ## - NÚMERO INTERNACIONAL ESTÁNDAR DEL LIBRO |
| Número Internacional Estándar del Libro |
9789585423114 |
| 041 0# - CÓDIGO DE LENGUA |
| Código de lengua del texto/banda sonora o título independiente |
spa |
| 043 ## - CÓDIGO DE ÁREA GEOGRÁFICA |
| Código de área geográfica |
s-ck--- |
| 082 04 - NÚMERO DE LA CLASIFICACIÓN DECIMAL DEWEY |
| Número de edición |
21 |
| 090 ## - LOCALMENTE ASIGNADO TIPO-LC NÚMERO DE CLASIFICACIÓN (OCLC); NÚMERO DE CLASIFICACIÓN LOCAL (RLIN) |
| Número de clasificación (OCLC) (R) ; Numero de clasificación, CALL (RLIN) (NR) |
AC |
| Número cutter local (OCLC) ; Número de libro/Signatura topográfica íntegra, CALL (RLIN) |
PUERS |
| 100 1# - ENTRADA PRINCIPAL--NOMBRE DE PERSONA |
| Nombre de persona |
Puértolas, Soledad |
| Fechas asociadas al nombre |
1947- |
| 245 10 - MENCIÓN DE TÍTULO |
| Título |
Chicos y chicas / |
| Mención de responsabilidad, etc. |
Soledad Puértolas. |
| 250 ## - MENCIÓN DE EDICIÓN |
| Mención de edición |
1a. ed. |
| 260 ## - PUBLICACIÓN, DISTRIBUCIÓN, ETC. |
| Lugar de publicación, distribución, etc. |
Barcelona : |
| Nombre del editor, distribuidor, etc. |
Anagrama, |
| Fecha de publicación, distribución, etc. |
2016. |
| 300 ## - DESCRIPCIÓN FÍSICA |
| Extensión |
222 páginas. |
| 490 #0 - MENCIÓN DE SERIE |
| Mención de serie |
Narrativas hispánicas |
| Designación de volumen o secuencia |
572 |
| 520 3# - SUMARIO, ETC. |
| Sumario, etc. |
"Son relatos que tratan de encuentros, de desencuentros, de reencuentros. De chicos y chicas. De parejas que se separan, de traiciones, envidias e ilusiones, de mitos de adolescencia, de ideales de juventud, de las perplejidades de la madurez, del extrañamiento de la vida. Hay hijas que veneran a sus madres, madres que desconfían de sus hijas o de sus yernos, hay perros que se encaraman a las novias de sus dueños, hay horas de calor y de amor en el interior de una caravana en un camping, horas arrancadas a la vida oficial, de todos conocida, horas secretas. Y horas que, aun estando a la vista de todos, nadie ve. Sólo la voz que narra, que escoge ese momento y lo detiene. Un antiguo amor, una niña de la mano de su madre, las olas del mar enroscadas a los tobillos. No hay nadie en la playa todavía. Recuerdos, premoniciones, ensoñaciones. Realidades que nos sacuden. Personas que irrumpen, que se van sin decir adiós. Silencios que sólo pueden llenarse con sueños. Personajes de todas las edades que, de pronto, se sitúan a un lado del camino, ven el paso de los otros, y no saben si han vivido ya ese momento o es algo que aún está por venir." |
| 650 14 - PUNTO DE ACCESO ADICIONAL DE MATERIA--TÉRMINO DE MATERIA |
| Término de materia o nombre geográfico como elemento de entrada |
Cuentos españoles. |
| 650 24 - PUNTO DE ACCESO ADICIONAL DE MATERIA--TÉRMINO DE MATERIA |
| Término de materia o nombre geográfico como elemento de entrada |
Literatura española |
| 650 24 - PUNTO DE ACCESO ADICIONAL DE MATERIA--TÉRMINO DE MATERIA |
| Término de materia o nombre geográfico como elemento de entrada |
Fe en la literatura |
| 650 24 - PUNTO DE ACCESO ADICIONAL DE MATERIA--TÉRMINO DE MATERIA |
| Término de materia o nombre geográfico como elemento de entrada |
Tarot en la literatura |
| 650 24 - PUNTO DE ACCESO ADICIONAL DE MATERIA--TÉRMINO DE MATERIA |
| Término de materia o nombre geográfico como elemento de entrada |
Sueños en la literatura |
| 650 24 - PUNTO DE ACCESO ADICIONAL DE MATERIA--TÉRMINO DE MATERIA |
| Término de materia o nombre geográfico como elemento de entrada |
Mujeres en la literatura |
| 650 24 - PUNTO DE ACCESO ADICIONAL DE MATERIA--TÉRMINO DE MATERIA |
| Término de materia o nombre geográfico como elemento de entrada |
Niños en la literatura |
| 650 24 - PUNTO DE ACCESO ADICIONAL DE MATERIA--TÉRMINO DE MATERIA |
| Término de materia o nombre geográfico como elemento de entrada |
Niñas en la literatura |